000 00368 a2200145 4500
005 20250628053302.0
020 _a0-07-254902-5
082 _a330 COL
100 _aCOLANDER, C . D
245 _aEconomics
250 _a5th Ed.
260 _aBoston
_bMcGraw-Hill Irwin
_c2004.
300 _axxxvi,810p.: ill.; figures
_bAppendix, Index, Glossary
_c26cm
942 _2ddc
_cBKS
999 _c5799
_d5799